<?xml version="1.0" encoding="UTF-8"?>
<marc:record xmlns:marc="http://www.loc.gov/MARC21/slim">
   <marc:leader>00000nam a2200000 a 4500</marc:leader>
   <marc:datafield ind1="1" ind2=" " tag="100">
      <marc:subfield code="a">Reiss, Tom</marc:subfield>
      <marc:subfield code="4">aut</marc:subfield>
      <marc:subfield code="e">Verfasser/-in</marc:subfield>
   </marc:datafield>
   <marc:datafield ind1="0" ind2="0" tag="245">
      <marc:subfield code="a">Der schwarze General</marc:subfield>
   </marc:datafield>
   <marc:datafield ind1="0" ind2="0" tag="245">
      <marc:subfield code="b">das Leben des wahren Grafen von Monte Christo</marc:subfield>
   </marc:datafield>
   <marc:datafield ind1="0" ind2="0" tag="245">
      <marc:subfield code="c">Tom Reiss</marc:subfield>
   </marc:datafield>
   <marc:datafield ind1=" " ind2="1" tag="264">
      <marc:subfield code="a">München</marc:subfield>
      <marc:subfield code="b">DtV</marc:subfield>
      <marc:subfield code="c">2013</marc:subfield>
   </marc:datafield>
   <marc:datafield ind1="1" ind2=" " tag="520">
      <marc:subfield code="a">Alex Dumas (1762 &#x96; 1806) war Kind eines in der französischen Zuckerkolonie Saint-Domingue untergetauchten Adligen und einer schwarzen Sklavin. Der adlige Herr kehrte später unter seinem echten Namen und Titel eines Marquis wieder nach Frankreich zurück. Den Sohn ließ er nachkommen. Der junge Mann bekam eine hervorragende Erziehung, wurde ein glänzender Reiter und Fechter und genoss das süße Leben im vorrevolutionären Frankreich. Doch er zerstritt sich mit seinem Vater, legte dessen Namen wieder ab und nahm den seiner Mutter an. Er heiratete eine weiße Französin, mit der er drei Kinder hatte, eines davon der spätere Bestsellerautor Alexandre Dumas d. Ä., und machte eine glänzende Karriere in der Armee, zuletzt als General unter Napoleon. Er wurde schon zu Lebzeiten eine Legende.</marc:subfield>
   </marc:datafield>
   <marc:datafield ind1=" " ind2=" " tag="020">
      <marc:subfield code="a">9783423280174</marc:subfield>
      <marc:subfield code="9">9783423280174</marc:subfield>
   </marc:datafield>
   <marc:datafield ind1=" " ind2=" " tag="020">
      <marc:subfield code="a">3423280174</marc:subfield>
      <marc:subfield code="9">3423280174</marc:subfield>
   </marc:datafield>
   <marc:datafield ind1=" " ind2=" " tag="300">
      <marc:subfield code="a">540 S.</marc:subfield>
   </marc:datafield>
</marc:record>
